000 00619 a2200193 4500
999 _c182875
_d182875
005 20211208154058.0
010 _aENG-130242
020 _c270.00
_a978-81-86514-36-8
035 _aEN-113774
037 _bDBAD / PUB
082 _a623.446
100 _aMalik, Amitav
245 _aHigh power Laswers-Directe Energy Weapons Impact on Defence and Security
_bAmitav Malik
250 _a2012
260 _aNew Delhi
_bDefence Research and Development Organisation
_c2012
270 _aMinistry of Defence
_bNew Delhi
_e110011
300 _a158p.
_c24cm (pbk)
942 _adpl
_cEN
_2ddc
_h623.446
_mMAL